[Event "South Wales New Year 2019"]
[Site "Bridgend"]
[Date "2019.01.05"]
[Round "2.12"]
[White "Fox, Chris"]
[Black "Howells, Chris"]
[Result "1/2-1/2"]
[WhiteElo "1675"]
[BlackElo "1834"]
[PlyCount "93"]
[EventDate "2019.01.04"]
[EventType "swiss"]
[EventRounds "5"]
[EventCountry "WLS"]
[SourceDate "2019.01.05"]

1. d4 Nf6 2. Nf3 d5 3. g3 c5 4. c3 Qb6 5. Bg2 Bf5 6. O-O h6 7. Nbd2 Nc6 8. Qb3
c4 9. Qxb6 axb6 10. Ne5 e6 11. e4 Bh7 12. exd5 exd5 13. Re1 Be7 14. Ndf3 Nd8
15. h3 Ne6 16. a3 O-O 17. Be3 Rfd8 18. Nd2 Bd6 19. Kh2 Nc7 20. f4 b5 21. Bf2
Nd7 22. Nxd7 Rxd7 23. Nf3 f6 24. Be3 Re7 25. Bd2 Kf7 26. Rxe7+ Kxe7 27. Re1+
Kf7 28. Kg1 Be4 29. Kf2 Be7 30. g4 Rd8 31. f5 Na8 32. Nh4 Bxg2 33. Kxg2 Nb6 34.
Ng6 Bd6 35. Kf3 Na4 36. Bc1 Re8 37. Rxe8 Kxe8 38. h4 Kd7 39. Nf4 Bxf4 40. Kxf4
Ke7 41. h5 Kd6 42. Ke3 Kc6 43. Kd2 Nb6 44. Kc2 Nc8 45. Bf4 Nb6 46. Bg3 Nd7 47.
Bf4 1/2-1/2

[Event "South Wales New Year 2019"]
[Site "Bridgend"]
[Date "2019.01.05"]
[Round "2.13"]
[White "Di-Vetta, Andrew"]
[Black "Jaberansari, Daniel"]
[Result "1-0"]
[WhiteElo "1728"]
[BlackElo "1382"]
[PlyCount "83"]
[EventDate "2019.01.04"]
[EventType "swiss"]
[EventRounds "5"]
[EventCountry "WLS"]
[SourceDate "2019.01.05"]

1. c4 Nf6 2. g3 g6 3. Bg2 Bg7 4. Nc3 d6 5. d4 O-O 6. e4 c5 7. d5 a6 8. a4 Nfd7
9. Nf3 Ne5 10. Nxe5 Bxe5 11. Bh6 Bg7 12. Bxg7 Kxg7 13. O-O Nd7 14. Qe2 Nf6 15.
h3 Kg8 16. Kh2 Kg7 17. f4 Kg8 18. g4 Nd7 19. Qc2 f6 20. Rae1 Qe8 21. Re3 Rf7
22. Rff3 Qd8 23. Bf1 Qc7 24. Ne2 Rb8 25. Ng3 b6 26. Nh1 Bb7 27. Nf2 Rbf8 28.
Nd3 Rb8 29. h4 Re8 30. h5 Rg7 31. Bh3 Rf8 32. h6 Rgf7 33. g5 f5 34. exf5 gxf5
35. Qc3 b5 36. axb5 axb5 37. b3 bxc4 38. bxc4 Qb6 39. Rf2 Qc7 40. Rfe2 Re8 41.
Bxf5 Nb6 42. Be6 1-0

[Event "South Wales New Year 2019"]
[Site "Bridgend"]
[Date "2019.01.05"]
[Round "3.1"]
[White "Bullen, Alex"]
[Black "Toczek, Grzegorz"]
[Result "0-1"]
[WhiteElo "2081"]
[BlackElo "2263"]
[PlyCount "100"]
[EventDate "2019.01.04"]
[EventType "swiss"]
[EventRounds "5"]
[EventCountry "WLS"]
[SourceDate "2019.01.05"]

1. d4 Nf6 2. Nf3 g6 3. Nbd2 Bg7 4. e4 O-O 5. Bd3 d6 6. O-O Nfd7 7. c3 c5 8. Re1
Nc6 9. Nb3 b6 10. Be3 Bb7 11. Qd2 Re8 12. Rad1 Qc7 13. h3 Rad8 14. Bh6 Bh8 15.
Ng5 e6 16. Qf4 Nf6 17. Qh4 Qe7 18. f4 cxd4 19. cxd4 d5 20. e5 Ne4 21. Bxe4 dxe4
22. f5 exf5 23. g4 Bc8 24. gxf5 Bxf5 25. Rf1 Bxe5 26. dxe5 Rxd1 27. Rxd1 Nxe5
28. Nd4 Qc5 29. b4 Qc3 30. Nxf5 gxf5 31. Qf4 f6 32. Nxh7 Kxh7 33. Qxf5+ Ng6 34.
Qh5 Qg3+ 35. Kf1 Qf3+ 36. Qxf3 exf3 37. Bc1 Ne5 38. Kf2 Rc8 39. Bf4 Rc2+ 40.
Rd2 Rc3 41. Bxe5 fxe5 42. Rd5 e4 43. Re5 Rc2+ 44. Kf1 Re2 45. a4 Kg6 46. a5
bxa5 47. bxa5 Kf6 48. Re8 Kf5 49. a6 Ra2 50. Rf8+ Ke5 0-1

[Event "South Wales New Year 2019"]
[Site "Bridgend"]
[Date "2019.01.05"]
[Round "3.2"]
[White "Sands, David A"]
[Black "Young, Alan"]
[Result "1-0"]
[WhiteElo "2086"]
[BlackElo "2048"]
[PlyCount "65"]
[EventDate "2019.01.04"]
[EventRounds "5"]
[EventCountry "WLS"]
[SourceDate "2019.01.05"]

1. Nf3 d5 2. e3 Nf6 3. b3 e6 4. Bb2 Be7 5. d4 O-O 6. Nbd2 c5 7. Bd3 Nc6 8. a3
Qc7 9. O-O b6 10. dxc5 bxc5 11. c4 Rd8 12. cxd5 exd5 13. Qc2 h6 14. Rac1 Qd6
15. Rfe1 Bb7 16. Bf5 Bc8 17. Bxc8 Raxc8 18. e4 Qf4 19. exd5 Rxd5 20. Nc4 Rcd8
21. Rcd1 Rxd1 22. Rxd1 Nd4 23. Nxd4 cxd4 24. Qd2 Qh4 25. Qe2 Bc5 26. g3 Qh3 27.
Qf1 Qh5 28. b4 Ng4 29. h3 Nxf2 30. Kxf2 Rd5 31. g4 Qh4+ 32. Kg2 f5 33. Qf3 1-0

[Event "South Wales New Year 2019"]
[Site "Bridgend"]
[Date "2019.01.05"]
[Round "3.3"]
[White "Waterfield, John W"]
[Black "Gay, Conor"]
[Result "0-1"]
[WhiteElo "1920"]
[BlackElo "1900"]
[PlyCount "38"]
[EventDate "2019.01.04"]
[EventType "swiss"]
[EventRounds "5"]
[EventCountry "WLS"]
[SourceDate "2019.01.05"]

1. e4 c6 2. d4 d5 3. e5 Bf5 4. Nc3 e6 5. g4 Bg6 6. Nge2 c5 7. h4 f6 8. h5 Bf7
9. f4 Be7 10. Be3 fxe5 11. fxe5 Bh4+ 12. Bf2 Bxf2+ 13. Kxf2 Nh6 14. Kg3 Qg5 15.
Nf4 Nf5+ 16. Kf3 Nxd4+ 17. Kg3 Nf5+ 18. Kf3 Nd4+ 19. Ke3 Qxe5+ 0-1

[Event "South Wales New Year 2019"]
[Site "Bridgend"]
[Date "2019.01.05"]
[Round "3.4"]
[White "Pleasants, Allan J"]
[Black "Heap, Gerry"]
[Result "1-0"]
[WhiteElo "2080"]
[BlackElo "2103"]
[PlyCount "113"]
[EventDate "2019.01.04"]
[EventType "swiss"]
[EventRounds "5"]
[EventCountry "WLS"]
[SourceDate "2019.01.05"]

1. e4 c5 2. c3 g6 3. Nf3 Bg7 4. Bc4 d6 5. O-O Nf6 6. Re1 O-O 7. Bf1 Nc6 8. h3
a6 9. d4 cxd4 10. cxd4 b5 11. a4 bxa4 12. Nc3 Rb8 13. Qxa4 Nb4 14. Be3 d5 15.
e5 Ne4 16. Nxe4 dxe4 17. Nd2 Nd3 18. Reb1 Qd5 19. Qa3 e6 20. Nxe4 Nb4 21. Nc3
Qc6 22. Rc1 Qb7 23. Nb5 axb5 24. Qxb4 Qe4 25. Qd6 Bb7 26. Rc7 Bd5 27. Raa7 Qb1
28. Rxf7 Rxf7 29. Qxb8+ Bf8 30. Rxf7 Kxf7 31. Qxb5 Be7 32. Kh2 Qe1 33. Qe2 Qb1
34. Qb5 Qe1 35. Kg3 h5 36. Be2 Qh1 37. Bf3 Bxf3 38. Kxf3 g5 39. Qd3 Kg7 40. d5
g4+ 41. hxg4 hxg4+ 42. Ke2 Qxg2 43. d6 Qf3+ 44. Kd2 Bd8 45. Qb5 Qf7 46. Qc4 Qf5
47. Qf4 Ba5+ 48. Kc1 Qd3 49. Qxg4+ Kf7 50. Qh5+ Kg8 51. Qe8+ Kg7 52. Qd7+ Kh8
53. Qc8+ Kg7 54. Qb7+ Kg6 55. Qg2+ Kf7 56. Qf3+ Kg7 57. Bh6+ 1-0

[Event "South Wales New Year 2019"]
[Site "Bridgend"]
[Date "2019.01.05"]
[Round "3.5"]
[White "Fathallah, Joe"]
[Black "Turner, Joseph David"]
[Result "1-0"]
[WhiteElo "1962"]
[BlackElo "1862"]
[PlyCount "100"]
[EventDate "2019.01.04"]
[EventType "swiss"]
[EventRounds "5"]
[EventCountry "WLS"]
[SourceDate "2019.01.05"]

1. b3 e5 2. Bb2 Nc6 3. e3 d5 4. Bb5 Bd6 5. Nf3 f6 6. d4 e4 7. Nfd2 f5 8. c4 Qg5
9. g3 a6 10. cxd5 axb5 11. dxc6 bxc6 12. Nc3 Nf6 13. a4 b4 14. Ne2 O-O 15. Nc4
Ba6 16. Qc2 Rac8 17. Nf4 Bxf4 18. gxf4 Qg4 19. Qe2 Qxe2+ 20. Kxe2 Nd7 21. Rhg1
Rf6 22. Kd2 Rg6 23. Rxg6 hxg6 24. Kc2 Kf7 25. Rg1 Rh8 26. Rg2 c5 27. d5 Bxc4
28. bxc4 Nb6 29. Be5 Nxc4 30. Bxc7 Ra8 31. d6 Na5 32. Rg1 Nc6 33. Kb3 Nd8 34.
a5 Ne6 35. Bb6 Rb8 36. Kc4 Kf6 37. Ra1 Kf7 38. a6 g5 39. a7 Ra8 40. fxg5 Ke8
41. Bxc5 b3 42. Bb6 b2 43. Rb1 Kd7 44. Kd5 Nxg5 45. Rxb2 Ne6 46. Rc2 g5 47. Rc1
f4 48. Rc4 fxe3 49. fxe3 Rf8 50. Rxe4 Ng7 1-0

[Event "South Wales New Year 2019"]
[Site "Bridgend"]
[Date "2019.01.05"]
[Round "3.6"]
[White "Van Kemenade, Rudy"]
[Black "Di-Vetta, Andrew"]
[Result "1-0"]
[WhiteElo "1946"]
[BlackElo "1728"]
[PlyCount "81"]
[EventDate "2019.01.04"]
[EventType "swiss"]
[EventRounds "5"]
[EventCountry "WLS"]
[SourceDate "2019.01.05"]

1. e4 c5 2. Nf3 g6 3. d4 cxd4 4. Qxd4 Nf6 5. Bb5 Nc6 6. Bxc6 dxc6 7. Qxd8+ Kxd8
8. Nc3 Bg7 9. Bf4 Nd7 10. e5 h6 11. O-O-O g5 12. Bg3 Ke8 13. Rhe1 Nc5 14. Nd4
Be6 15. b4 Nd7 16. Nxe6 fxe6 17. b5 Rd8 18. bxc6 bxc6 19. Na4 Kf7 20. Rd3 Nb6
21. Rf3+ Kg6 22. Nc5 Rd5 23. Nxe6 Nd7 24. Ra3 Nc5 25. Nxg7 Kxg7 26. Rxa7 Rd7
27. Rxd7 Nxd7 28. Rd1 Nc5 29. f4 Ra8 30. fxg5 hxg5 31. Bf2 Ne4 32. Bd4 c5 33.
Re1 cxd4 34. Rxe4 Rxa2 35. Rxd4 Ra1+ 36. Kd2 Rf1 37. Rg4 Kg6 38. h4 Rf2+ 39.
Kd3 Kh5 40. Rxg5+ Kxh4 41. Rg7 1-0

[Event "South Wales New Year 2019"]
[Site "Bridgend"]
[Date "2019.01.05"]
[Round "3.7"]
[White "Morgans, Justin"]
[Black "Jukes, Sam"]
[Result "1/2-1/2"]
[WhiteElo "1653"]
[BlackElo "1914"]
[PlyCount "122"]
[EventDate "2019.01.04"]
[EventType "swiss"]
[EventRounds "5"]
[EventCountry "WLS"]
[SourceDate "2019.01.05"]

1. e4 e5 2. Nf3 Nc6 3. Bb5 a6 4. Ba4 Nf6 5. O-O b5 6. Bb3 Bb7 7. d3 Bc5 8. Bg5
h6 9. Be3 Bxe3 10. fxe3 O-O 11. Nc3 d6 12. Qe1 Na5 13. Kh1 Nxb3 14. axb3 Re8
15. b4 d5 16. exd5 Nxd5 17. Nxd5 Qxd5 18. e4 Qd6 19. Rd1 c5 20. bxc5 Qxc5 21.
Qf2 Qxf2 22. Rxf2 a5 23. Nh4 f6 24. Nf5 Red8 25. Rdf1 a4 26. h3 b4 27. Rf3 Rd7
28. Rg3 Kh7 29. Ra1 a3 30. bxa3 bxa3 31. Ra2 Bc8 32. d4 exd4 33. Raxa3 Rxa3 34.
Rxa3 Rd8 35. Ra8 Rh8 36. Nxd4 Bb7 37. Rxh8+ Kxh8 38. Kg1 Bxe4 39. c3 Kg8 40.
Kf2 Kf7 41. g3 g6 42. Ke3 Bg2 43. h4 Ke7 44. Ne2 Bh3 45. Nf4 Bf5 46. Kd4 Bc2
47. c4 g5 48. hxg5 fxg5 49. Nd5+ Ke6 50. Ne3 Ba4 51. c5 Bc6 52. Nc4 h5 53. Ne3
Bf3 54. Nf1 Bc6 55. Nd2 Kf5 56. Ke3 Ke5 57. Nf3+ Bxf3 58. Kxf3 Kd5 59. c6 Kxc6
60. Ke4 h4 61. gxh4 gxh4 1/2-1/2

[Event "South Wales New Year 2019"]
[Site "Bridgend"]
[Date "2019.01.05"]
[Round "3.8"]
[White "Allen, Edwin"]
[Black "May, Adam J"]
[Result "0-1"]
[WhiteElo "1335"]
[BlackElo "1894"]
[PlyCount "46"]
[EventDate "2019.01.04"]
[EventType "swiss"]
[EventRounds "5"]
[EventCountry "WLS"]
[SourceDate "2019.01.05"]

1. d4 d5 2. Bg5 h6 3. Bh4 Nd7 4. e3 Ngf6 5. Bxf6 Nxf6 6. c4 e6 7. Nc3 Be7 8.
Bd3 O-O 9. Nf3 c5 10. dxc5 Bxc5 11. cxd5 Nxd5 12. Nxd5 Qxd5 13. O-O b6 14. Be2
Qf5 15. Qd3 Qf6 16. Qc2 Bb7 17. Ne1 Rac8 18. Qb1 Rfd8 19. Bf3 Ba6 20. Qc2 Bxf1
21. Kxf1 Bxe3 22. Qb3 Bc5 23. Nc2 Rd2 0-1

[Event "South Wales New Year 2019"]
[Site "Bridgend"]
[Date "2019.01.05"]
[Round "3.9"]
[White "Robinson, David"]
[Black "Gay, Simon"]
[Result "1/2-1/2"]
[WhiteElo "1912"]
[BlackElo "2046"]
[PlyCount "55"]
[EventDate "2019.01.04"]
[EventType "swiss"]
[EventRounds "5"]
[EventCountry "WLS"]
[SourceDate "2019.01.05"]

1. d4 Nf6 2. Nf3 d6 3. Bf4 g6 4. e3 Bg7 5. Be2 O-O 6. h3 Nbd7 7. O-O Qe8 8. c4
c5 9. Nc3 a6 10. d5 b5 11. cxb5 axb5 12. Bxb5 Ba6 13. a4 Qb8 14. Re1 Bxb5 15.
axb5 Qb7 16. e4 Rxa1 17. Qxa1 Ra8 18. Qd1 Nb6 19. Qc2 Ne8 20. Qd1 Qd7 21. e5
Nc7 22. Qb3 c4 23. Qb4 Ncxd5 24. Nxd5 Nxd5 25. Qxc4 Nxf4 26. Qxf4 Rb8 27. exd6
exd6 28. Rd1 1/2-1/2

[Event "South Wales New Year 2019"]
[Site "Bridgend"]
[Date "2019.01.05"]
[Round "3.10"]
[White "Borkowski, J Andrew"]
[Black "Fox, Chris"]
[Result "1/2-1/2"]
[WhiteElo "1835"]
[BlackElo "1675"]
[PlyCount "65"]
[EventDate "2019.01.04"]
[EventType "swiss"]
[EventRounds "5"]
[EventCountry "WLS"]
[SourceDate "2019.01.05"]

1. b4 e5 2. Bb2 d6 3. c4 f5 4. e3 Nf6 5. Nf3 Be7 6. d4 e4 7. Nfd2 O-O 8. Nc3 c6
9. a4 d5 10. Qb3 Be6 11. c5 Qc7 12. h3 f4 13. O-O-O Nbd7 14. Ncxe4 fxe3 15.
Nxf6+ Nxf6 16. Qxe3 Bf7 17. Bd3 Rae8 18. Qe5 Qd8 19. Qh2 b6 20. Nf3 Ne4 21.
Bxe4 dxe4 22. Nd2 Bf6 23. Qd6 Qxd6 24. cxd6 Bd5 25. Rhe1 Re6 26. Re2 Bg5 27.
Kc2 Bxd2 28. Rdxd2 Rxd6 29. Ba3 Rc8 30. Re3 Re6 31. Rde2 Rce8 32. Kc3 Kf7 33.
Bc1 1/2-1/2

[Event "South Wales New Year 2019"]
[Site "Bridgend"]
[Date "2019.01.05"]
[Round "3.11"]
[White "Howells, Chris"]
[Black "Chong, Kimberly"]
[Result "0-1"]
[WhiteElo "1834"]
[BlackElo "1682"]
[PlyCount "48"]
[EventDate "2019.01.04"]
[EventType "swiss"]
[EventRounds "5"]
[EventCountry "WLS"]
[SourceDate "2019.01.05"]

1. c4 e5 2. Nc3 Nc6 3. Nf3 Bc5 4. g3 f5 5. d3 Nf6 6. Bg2 d6 7. O-O a6 8. e4 O-O
9. a3 Nd4 10. Nxd4 Bxd4 11. Ne2 Ba7 12. Qb3 Rb8 13. Qc3 fxe4 14. dxe4 Ng4 15.
Bf3 Qf6 16. Kg2 Nxh2 17. Kxh2 Qxf3 18. Qxf3 Rxf3 19. Kg2 Bg4 20. Ng1 Rb3 21. f3
Be6 22. Rb1 Bxc4 23. Rd1 Bd4 24. f4 Bd3 0-1

[Event "South Wales New Year 2019"]
[Site "Bridgend"]
[Date "2019.01.05"]
[Round "3.12"]
[White "Dixon, Chris"]
[Black "Denham, Colin"]
[Result "1/2-1/2"]
[WhiteElo "1750"]
[BlackElo "1645"]
[PlyCount "51"]
[EventDate "2019.01.04"]
[EventType "swiss"]
[EventRounds "5"]
[EventCountry "WLS"]
[SourceDate "2019.01.05"]

1. Nf3 Nf6 2. g3 d5 3. Bg2 c6 4. O-O Nbd7 5. d3 e5 6. Nbd2 Bd6 7. e4 O-O 8. b3
Re8 9. Bb2 Nf8 10. Re1 d4 11. c3 c5 12. c4 a5 13. a4 b6 14. Nb1 Ne6 15. Na3 Nc7
16. Nb5 Nxb5 17. axb5 Bg4 18. h3 Bd7 19. Bc1 Qc7 20. Nh4 g6 21. Kh2 Rab8 22.
Rf1 Nh5 23. Bf3 Ng7 24. Bh6 Bf8 25. Bxg7 Bxg7 26. Bg4 1/2-1/2

[Event "South Wales New Year 2019"]
[Site "Bridgend"]
[Date "2019.01.05"]
[Round "3.13"]
[White "Van Kemenade, Julie"]
[Black "Jaberansari, Daniel"]
[Result "1/2-1/2"]
[WhiteElo "1725"]
[BlackElo "1382"]
[PlyCount "83"]
[EventDate "2019.01.04"]
[EventType "swiss"]
[EventRounds "5"]
[EventCountry "WLS"]
[SourceDate "2019.01.05"]

1. e4 e6 2. d3 d5 3. Qe2 Be7 4. Nf3 Nf6 5. g3 Nc6 6. Bg2 O-O 7. O-O b6 8. e5
Nd7 9. h4 Bb7 10. Bf4 Na5 11. Re1 c5 12. Nbd2 Nc6 13. Nf1 Rc8 14. N1h2 Re8 15.
Bh3 Nf8 16. Ng4 Ng6 17. Bg5 Bxg5 18. Nxg5 Nd4 19. Qd1 Qc7 20. c3 Nc6 21. f4 d4
22. c4 Nce7 23. Bg2 Nf5 24. Kh2 Bxg2 25. Kxg2 Rb8 26. h5 Nge7 27. h6 Nxh6 28.
Nxh6+ gxh6 29. Ne4 Kh8 30. Nf6 Rf8 31. Qh5 Nf5 32. g4 Rg8 33. Kf2 Qb7 34. Re4
Ne3 35. Rxe3 dxe3+ 36. Kxe3 Qg2 37. Qxh6 Qg3+ 38. Kd2 Qf2+ 39. Kc3 Qd4+ 40. Kc2
Qf2+ 41. Kc3 Qd4+ 42. Kc2 1/2-1/2

[Event "South Wales New Year 2019"]
[Site "Bridgend"]
[Date "2019.01.06"]
[Round "4.1"]
[White "Gay, Conor"]
[Black "Sands, David A"]
[Result "1/2-1/2"]
[WhiteElo "1900"]
[BlackElo "2086"]
[PlyCount "43"]
[EventDate "2019.01.04"]
[EventType "swiss"]
[EventRounds "5"]
[EventCountry "WLS"]
[SourceDate "2019.01.05"]

1. e4 c5 2. c3 d5 3. exd5 Qxd5 4. d4 e6 5. Nf3 Nf6 6. Bd3 Be7 7. O-O O-O 8. Be3
Nbd7 9. c4 Qh5 10. Ne5 Qxd1 11. Rxd1 cxd4 12. Bxd4 Nxe5 13. Bxe5 b6 14. Nc3 Bb7
15. h3 Rfd8 16. Rd2 Ne8 17. Rad1 Bg5 18. f4 Be7 19. Nb5 g6 20. Be2 Rxd2 21.
Rxd2 a6 22. Nc3 1/2-1/2

[Event "South Wales New Year 2019"]
[Site "Bridgend"]
[Date "2019.01.06"]
[Round "4.2"]
[White "Toczek, Grzegorz"]
[Black "Pleasants, Allan J"]
[Result "1/2-1/2"]
[WhiteElo "2263"]
[BlackElo "2080"]
[PlyCount "34"]
[EventDate "2019.01.04"]
[EventType "swiss"]
[EventRounds "5"]
[EventCountry "WLS"]
[SourceDate "2019.01.05"]

1. d4 g6 2. Nf3 Bg7 3. g3 Nf6 4. Bg2 O-O 5. c4 c5 6. d5 d6 7. Nc3 Na6 8. O-O
Nc7 9. h3 Rb8 10. e4 Nd7 11. Re1 b5 12. cxb5 Nxb5 13. Nxb5 Rxb5 14. Qc2 Rb8 15.
Re3 Ba6 16. Rb1 Ne5 17. Nxe5 Bxe5 1/2-1/2

[Event "South Wales New Year 2019"]
[Site "Bridgend"]
[Date "2019.01.06"]
[Round "4.3"]
[White "May, Adam J"]
[Black "Bullen, Alex"]
[Result "1/2-1/2"]
[WhiteElo "1894"]
[BlackElo "2081"]
[PlyCount "62"]
[EventDate "2019.01.04"]
[EventType "swiss"]
[EventRounds "5"]
[EventCountry "WLS"]
[SourceDate "2019.01.05"]

1. c4 e6 2. g3 d5 3. Bg2 Nf6 4. Nf3 Be7 5. O-O O-O 6. b3 d4 7. e3 c5 8. exd4
cxd4 9. Re1 Nc6 10. d3 Ne8 11. Ba3 f6 12. Bxe7 Qxe7 13. a3 a5 14. Nbd2 e5 15.
Qc2 Bd7 16. Nh4 Nc7 17. f4 Rae8 18. Nhf3 Qf7 19. Ne4 exf4 20. Nd6 Rxe1+ 21.
Rxe1 Qh5 22. gxf4 Qc5 23. Nxb7 Qxa3 24. c5 Be6 25. Rxe6 Nxe6 26. Qc4 Re8 27. f5
Qa1+ 28. Kf2 Qb2+ 29. Kf1 Qb1+ 30. Kf2 Qb2+ 31. Kf1 Qb1+ 1/2-1/2

[Event "South Wales New Year 2019"]
[Site "Bridgend"]
[Date "2019.01.06"]
[Round "4.4"]
[White "Young, Alan"]
[Black "Fathallah, Joe"]
[Result "1/2-1/2"]
[WhiteElo "2048"]
[BlackElo "1962"]
[PlyCount "47"]
[EventDate "2019.01.04"]
[EventType "swiss"]
[EventRounds "5"]
[EventCountry "WLS"]
[SourceDate "2019.01.05"]

1. e4 b6 2. d4 Bb7 3. Bd3 e6 4. Nf3 c5 5. c3 cxd4 6. cxd4 Bb4+ 7. Nc3 Nf6 8.
Qe2 d5 9. e5 Ne4 10. O-O Nxc3 11. bxc3 Bxc3 12. Rb1 Nc6 13. Ba3 a5 14. Rb3 Bb4
15. Bc1 Be7 16. a3 O-O 17. Bxh7+ Kxh7 18. Ng5+ Bxg5 19. Qh5+ Kg8 20. Bxg5 f6
21. exf6 Rxf6 22. Bxf6 Qxf6 23. Rxb6 Ba6 24. Rd1 1/2-1/2

[Event "South Wales New Year 2019"]
[Site "Bridgend"]
[Date "2019.01.06"]
[Round "4.5"]
[White "Van Kemenade, Rudy"]
[Black "Robinson, David"]
[Result "1-0"]
[WhiteElo "1946"]
[BlackElo "1912"]
[PlyCount "29"]
[EventDate "2019.01.04"]
[EventType "swiss"]
[EventRounds "5"]
[EventCountry "WLS"]
[SourceDate "2019.01.05"]

1. f4 d5 2. Nf3 Nf6 3. g3 Bf5 4. d3 e6 5. Bg2 Be7 6. O-O h6 7. h3 O-O 8. Qe1 c5
9. Ne5 Nc6 10. Nxc6 bxc6 11. c3 Qb6 12. Kh1 d4 13. Na3 Nd5 14. Nc4 Rab8 15.
Nxb6 1-0

[Event "South Wales New Year 2019"]
[Site "Bridgend"]
[Date "2019.01.06"]
[Round "4.6"]
[White "Heap, Gerry"]
[Black "Morgans, Justin"]
[Result "1-0"]
[WhiteElo "2103"]
[BlackElo "1653"]
[PlyCount "65"]
[EventDate "2019.01.04"]
[EventType "swiss"]
[EventRounds "5"]
[EventCountry "WLS"]
[SourceDate "2019.01.05"]

1. c4 Nf6 2. Nc3 g6 3. g3 Bg7 4. Bg2 d6 5. Nf3 c5 6. O-O Nc6 7. d4 cxd4 8. Nxd4
Bd7 9. b3 O-O 10. Bb2 Rb8 11. e4 Re8 12. Nde2 a6 13. Qd2 Qb6 14. Nf4 Qa5 15.
Rfd1 Rbd8 16. Rac1 Bg4 17. f3 Bc8 18. Nfd5 Ne5 19. Nxf6+ Bxf6 20. Nd5 Qxd2 21.
Nxf6+ exf6 22. Rxd2 f5 23. exf5 Bxf5 24. Rcd1 Nc6 25. Kf2 h5 26. h3 Rd7 27. g4
hxg4 28. hxg4 Be6 29. Bf6 Ne7 30. Rxd6 Rxd6 31. Rxd6 Nc8 32. Rd1 b6 33. Rh1 1-0

[Event "South Wales New Year 2019"]
[Site "Bridgend"]
[Date "2019.01.06"]
[Round "4.7"]
[White "Jukes, Sam"]
[Black "Waterfield, John W"]
[Result "0-1"]
[WhiteElo "1914"]
[BlackElo "1920"]
[PlyCount "74"]
[EventDate "2019.01.04"]
[EventType "swiss"]
[EventRounds "5"]
[EventCountry "WLS"]
[SourceDate "2019.01.05"]

1. e4 c5 2. Nf3 d6 3. d4 cxd4 4. Qxd4 Nc6 5. Bb5 Bd7 6. Bxc6 Bxc6 7. Nc3 Nf6 8.
Bg5 e6 9. O-O-O Be7 10. Rhe1 Qb6 11. Qd2 O-O 12. Kb1 a5 13. Nd4 a4 14. Be3 Qa6
15. f3 b5 16. Qe2 Rfb8 17. g4 Bd7 18. g5 Ne8 19. e5 dxe5 20. Nf5 exf5 21. Rxd7
Qe6 22. Red1 Nd6 23. Rc7 Nc4 24. Ba7 Rd8 25. Rd3 Bxg5 26. Nxb5 e4 27. fxe4 fxe4
28. Rd4 Nd2+ 29. Ka1 Nf3 30. Rxd8+ Rxd8 31. a3 f5 32. Rc3 Rd2 33. Qc4 Qxc4 34.
Rxc4 e3 35. h4 e2 36. Bf2 Bxh4 37. Nd6 Rxd6 0-1

[Event "South Wales New Year 2019"]
[Site "Bridgend"]
[Date "2019.01.06"]
[Round "4.8"]
[White "Chong, Kimberly"]
[Black "Fox, Chris"]
[Result "0-1"]
[WhiteElo "1682"]
[BlackElo "1675"]
[PlyCount "112"]
[EventDate "2019.01.04"]
[EventType "swiss"]
[EventRounds "5"]
[EventCountry "WLS"]
[SourceDate "2019.01.05"]

1. e4 e6 2. d4 d5 3. exd5 exd5 4. c4 Bb4+ 5. Bd2 Qe7+ 6. Qe2 Bxd2+ 7. Nxd2 dxc4
8. Nxc4 Be6 9. Nf3 Nd7 10. Ne3 Qb4+ 11. Qd2 Qxd2+ 12. Nxd2 Ngf6 13. Bd3 O-O 14.
O-O c6 15. f4 Nb6 16. Ne4 Nxe4 17. Bxe4 Rad8 18. f5 Bd5 19. Nxd5 Nxd5 20. Bxd5
Rxd5 21. Rae1 Rfd8 22. Re7 R5d7 23. Rfe1 Kf8 24. Rxd7 Rxd7 25. Re4 Re7 26. Re5
f6 27. Rxe7 Kxe7 28. Kf2 Kd6 29. Ke3 Kd5 30. b3 b6 31. g4 a6 32. h4 h6 33. a3
a5 34. Kd3 c5 35. dxc5 Kxc5 36. Kc3 b5 37. b4+ axb4+ 38. axb4+ Kd5 39. Kd3 Ke5
40. Ke3 h5 41. gxh5 Kxf5 42. Kf3 Ke5 43. Kg4 Ke4 44. Kg3 f5 45. Kg2 Ke3 46. h6
gxh6 47. h5 f4 48. Kh3 Ke2 49. Kg4 f3 50. Kf5 f2 51. Kg6 f1=Q 52. Kxh6 Qf8+ 53.
Kh7 Qxb4 54. h6 Qe7+ 55. Kg8 b4 56. h7 Qxh7+ 0-1

[Event "South Wales New Year 2019"]
[Site "Bridgend"]
[Date "2019.01.06"]
[Round "4.9"]
[White "Gay, Simon"]
[Black "Dixon, Chris"]
[Result "0-1"]
[WhiteElo "2046"]
[BlackElo "1750"]
[PlyCount "36"]
[EventDate "2019.01.04"]
[EventType "swiss"]
[EventRounds "5"]
[EventCountry "WLS"]
[SourceDate "2019.01.05"]

1. e4 d6 2. d4 Nf6 3. Nc3 g6 4. f4 Bg7 5. e5 Nfd7 6. Nf3 c5 7. exd6 O-O 8. dxe7
Qxe7+ 9. Be2 Nc6 10. d5 Nd4 11. O-O Re8 12. Bd3 Nxf3+ 13. Qxf3 Bxc3 14. bxc3 c4
15. d6 Qxd6 16. Be4 Nf6 17. Rd1 Qe7 18. Bd5 Bg4 0-1

[Event "South Wales New Year 2019"]
[Site "Bridgend"]
[Date "2019.01.06"]
[Round "4.10"]
[White "Turner, Joseph David"]
[Black "Allen, Edwin"]
[Result "1-0"]
[WhiteElo "1862"]
[BlackElo "1335"]
[PlyCount "91"]
[EventDate "2019.01.04"]
[EventType "swiss"]
[EventRounds "5"]
[EventCountry "WLS"]
[SourceDate "2019.01.05"]

1. e4 e5 2. f4 exf4 3. Bc4 Qe7 4. Qe2 d6 5. Nc3 c6 6. d4 Nf6 7. e5 d5 8. exf6
Qxe2+ 9. Bxe2 gxf6 10. Bxf4 Bb4 11. Kd2 O-O 12. a3 Be7 13. Re1 Be6 14. Bg4 Re8
15. Bxe6 fxe6 16. Rxe6 Kf7 17. Re2 Nd7 18. Nf3 Nf8 19. Rhe1 Rad8 20. Nh4 Ng6
21. Bg3 Nxh4 22. Bxh4 Rd7 23. Nd1 Rg8 24. Ne3 Bd6 25. Nf5 Bf8 26. h3 a5 27. g4
h6 28. Kd3 b5 29. Re6 Rg6 30. Rxc6 Be7 31. Nxe7 Rxe7 32. Rxe7+ Kxe7 33. Rb6 b4
34. axb4 axb4 35. Rxb4 h5 36. Rb7+ Ke6 37. Rb6+ Ke7 38. g5 Kf7 39. Rxf6+ Rxf6
40. gxf6 Ke6 41. Bg5 Kf7 42. h4 Ke6 43. Ke3 Kf7 44. Kf3 Kg6 45. Kf4 Kf7 46. Ke5
1-0

[Event "South Wales New Year 2019"]
[Site "Bridgend"]
[Date "2019.01.06"]
[Round "4.11"]
[White "Di-Vetta, Andrew"]
[Black "Borkowski, J Andrew"]
[Result "1/2-1/2"]
[WhiteElo "1728"]
[BlackElo "1835"]
[PlyCount "105"]
[EventDate "2019.01.04"]
[EventType "swiss"]
[EventRounds "5"]
[EventCountry "WLS"]
[SourceDate "2019.01.05"]

1. c4 d6 2. d4 e5 3. dxe5 dxe5 4. Qxd8+ Kxd8 5. Nc3 Be6 6. e3 c6 7. Nf3 f6 8.
Bd3 Na6 9. b3 Bb4 10. Bd2 Nc5 11. Bc2 a5 12. a3 Bxc3 13. Bxc3 Nh6 14. O-O Ke7
15. Rfd1 b6 16. a4 Bf5 17. Bxf5 Nxf5 18. b4 Ne4 19. Be1 axb4 20. Bxb4+ c5 21.
Be1 Nfd6 22. Rdc1 Ra6 23. Nd2 Nxd2 24. Bxd2 Rha8 25. a5 bxa5 26. Ra4 Kd7 27.
Rb1 Kc6 28. f3 e4 29. Kf2 f5 30. Bc3 g6 31. Be5 exf3 32. Bxd6 Kxd6 33. gxf3 Kc6
34. Rb5 Rb6 35. Rbxa5 Rb2+ 36. Kg3 Rxa5 37. Rxa5 Rb4 38. Ra7 Rxc4 39. Rxh7 Rc3
40. Rh6 Rxe3 41. Rxg6+ Kd5 42. h4 c4 43. Rg8 c3 44. Rc8 Kd4 45. h5 Re1 46. h6
Rh1 47. Rc6 Kd3 48. Kf4 c2 49. Rd6+ Ke2 50. Rc6 c1=Q+ 51. Rxc1 Rxc1 52. Kxf5
Rh1 53. Kg6 1/2-1/2